Recherche-développement: un avantage a l'Allemagne.
Výdavky na výskum a rozvoj pre technologické ciele v SRN a vo Francúzsku, ktoré zaostáva. Verejné financovanie výskumu v oboch krajinách. Hierarchia technologických potrieb v SRN. Francúzsky výskum sa väčšmi orientuje na vesmírny priestor. Francúzske výdavky sú menej efektívne. Nemecký výskum sa lep...
Saved in:
| Main Author: | |
|---|---|
| Other Authors: | |
| Format: | Book Chapter |
| Language: | French |
| Subjects: | |
| Tags: |
No Tags, Be the first to tag this record!
|
MARC
| LEADER | 00000naa a2200000 4500 | ||
|---|---|---|---|
| 001 | r007410 | ||
| 005 | 20221125091532.9 | ||
| 041 | 0 | |a fre | |
| 044 | |a FR | ||
| 245 | 1 | 0 | |a Recherche-développement: un avantage a l'Allemagne. |c D. Guellec, C. Zaidman |
| 520 | |a Výdavky na výskum a rozvoj pre technologické ciele v SRN a vo Francúzsku, ktoré zaostáva. Verejné financovanie výskumu v oboch krajinách. Hierarchia technologických potrieb v SRN. Francúzsky výskum sa väčšmi orientuje na vesmírny priestor. Francúzske výdavky sú menej efektívne. Nemecký výskum sa lepšie predáva. | ||
| 610 | 2 | 0 | |a výskum |
| 610 | 2 | 0 | |a vývoj |
| 610 | 2 | 0 | |a technológie nové |
| 610 | 2 | 0 | |a Nemecko |
| 610 | 2 | 0 | |a Francúzsko |
| 610 | 2 | 0 | |a rozvoj vedeckotechnický |
| 610 | 2 | 0 | |a financovanie vývoja |
| 610 | 2 | 0 | |a porovnanie štatistické medzinárodné |
| 610 | 2 | 0 | |a výdavky rozpočtu štátneho |
| 100 | 1 | |a Guellec, D. | |
| 700 | 1 | |a Zaidman, C. | |